Nhiếp ảnh Dương Thanh Hiền "Hà Giang trong tôi và những vùng đất tôi qua"

Bewaard in:
Bibliografische gegevens
Hoofdauteur: Dương, Thanh Hiền
Formaat: Boek
Taal:Undetermined
Gepubliceerd in: H. Hội Nhà văn 2018
Onderwerpen:
Online toegang:http://lrc.tdmu.edu.vn/opac/search/detail.asp?aID=2&ID=40611
Tags: Voeg label toe
Geen labels, Wees de eerste die dit record labelt!
Thư viện lưu trữ: Trung tâm Học liệu Trường Đại học Thủ Dầu Một
LEADER 00723nam a2200193Ia 4500
001 TDMU_40611
008 210410s9999 xx 000 0 und d
082 |a 658.3 
090 |b D561 
100 |a Dương, Thanh Hiền 
245 0 |a Nhiếp ảnh Dương Thanh Hiền "Hà Giang trong tôi và những vùng đất tôi qua" 
245 0 |c Dương Thanh Hiền 
260 |a H. 
260 |b Hội Nhà văn 
260 |c 2018 
300 |a 193 tr. 
650 |a Nhiếp ảnh  |z Việt Nam  |v Sách ảnh; Hà Giang (Việt Nam)  |x Nhiếp ảnh 
856 |u http://lrc.tdmu.edu.vn/opac/search/detail.asp?aID=2&ID=40611 
980 |a Trung tâm Học liệu Trường Đại học Thủ Dầu Một